Public health as an agent of internal colonialism in interwar Czechoslovakia: shaping the discourse about the nation’s children
| Titel: | Public health as an agent of internal colonialism in interwar Czechoslovakia: shaping the discourse about the nation’s children / Victoria Shmidt |
|---|---|
| Verfasser: | |
| In: |
Patterns of prejudice, Band 52, Heft 4 (2018), Seite 355-387 alle Artikel anzeigen |
| Veröffentlicht: | 2018 |
| Format: | Aufsatz |
| Sprache: | Englisch |
X
alg: 50917586
001A $03025:29-06-23
001B $01999:29-06-23 $t23:01:16.000
001D $03025:29-06-23
001U $0utf8
001X $00
002@ $0Oou
002C $aText $btxt $2rdacontent
002D $aComputermedien $bc $2rdamedia
002E $aOnline-Ressource $bcr $2rdacarrier
003@ $0509175864
007A $0509175864 $aHEB
009Q $uhttps://doi.org/10.1080/0031322X.2018.1464543 $xH
010@ $aeng
010E $erda
011@ $a2018
021A $aPublic health as an agent of internal colonialism in interwar Czechoslovakia: shaping the discourse about the nation’s children $hVictoria Shmidt
028A $BVerfasser $#Shmidt, Victoria R. $#Schmidt, Victoria $#Shmidt, V. R. $#Šmidt, Viktorija Rudolʹfovna $#Šmidt, Viktorija R. $#Šmidt, Viktorija $#Šmidt, V. R. $4aut $7115471179X $8Shmidt, Victoria$Z1975- [Tp3] $9427606004
031A $d52 $e4 $h355-387 $j2018
039B $aEnthalten in $8--Obvc--. Patterns of prejudice. - London {[u.a.] : Inst., 1967-. - Online-Ressource. - ISSN 1461-7331 $x201800000520004645 $9092431496
044K $RProtektorat Böhmen und Mähren $RSlowakei $RSlowakei $RTschechien $#Tschechoslowakei $#Tschechoslowakei $#Tschechische und Slowakische Föderative Republik $#République Tchéco-Slovaque $#Tchécoslovaquie $#Československá Federativní Republika $#Česká a Slovenská Federativní Republika $#Czech and Slovak Federal Republic $#ČSFR $#ČSSR $#ČSR $#RČS $#Československo $#Československá Socialistická Republika $#Československá Republika $#Tschechoslowakische Sozialistische Republik $#Tschechoslowakische Republik $#Tschechoslowakische Föderative Republik $#Republika Československá $#Czechoslovakia $#Čechoslovakische Republik $#République Tchécho-Slovaque $#Tchéchoslovaquie $#Czechoslovak Socialist Republic $#Checoeslovaquia $#Cecoslovacchia $#Čechoslovakija $#République tchécoslovaque $74078435-6 $8Tschechoslowakei [Tg1] $9085222305
044K $RMinderheit $RBedrohtes Volk $REthnische Gruppe $#Minorities $#Minorités $#Minderheit $#Ethnische Minorität $#Ethnisch-kulturelle Minderheit $#Ethnische Minderheit $#Nationale Minderheiten $74039409-8 $8Nationale Minderheit [Ts1] $908510745X
044K $RLebensalter $#Children $#Enfants $#Bambini $#children $#Child $#Kinder $#Kind $#Kindheit $#Kindheit $#Kindesalter $#Kindschaft $#Kinder $74030550-8 $8Kind [Tsz] $908508090X
044K $RUkrainer $#Rusinen $#Rusnaki $#Rusnáci $#Ruthenen Russinen $74362982-9 $8Russinen [Ts1] $9088294404
044K $RSlowakin $#Slovaks $#Slovaques $#Slowaken $#Slowake $74055298-6 $8Slowaken [Ts1] $9085153842
044K $RImperialismus $RKolonie $RAntikolonialismus $RKolonialmacht $REntkolonialisierung $#Imperialism $#Colonisation $#Colonialisme (idée politique) $#Colonialismo $#colonialism $#Kolonialismus $#Kolonialismus $#Kolonialpolitik $#Kolonialbestrebungen $#Kolonialpolitik $#Kolonialisierung $74073624-6 $8Kolonialismus [Ts1] $9085207241
044K $RRassentheorie $RAntirassismus $RRassenfrage $RRassendiskriminierung $#Racism $#Racisme $#Razzismo $#Racismo $#Ethnische Diskriminierung $#Rassismus $#Rassenideologie $#Rassenwahn $#Rassenvorurteil $74076527-1 $8Rassismus [Ts1] $9085216860
045F $a610.943709042 $eDDC23BSB
045F/01 $a610.9
045F/03 $f09042
045F/03 $f09043
045F/03 $g437
045F/03 $g4371
045F/03 $g4373
045R $aGeschichte 1918-1938
045T $a7,7
045T $aJUDAICA $qDE-30 $2FID
lok: 50917586 78
exp: 50917586 78 1 #EPN
201B/01 $029-06-23 $t13:10:23.000
201C/01 $029-06-23
201U/01 $0utf8
203@/01 $0123852219X
208@/01 $a29-06-23 $be
209A/01 $a/ $f000 $x00
209A/01 $ab*p $x01
209A/01 $aEnglische Zusammenfassung, S. 355 $x03
220C/01 $apgar
244Z/01 $#Böhmische Kronländer $#Länder der Böhmischen Krone $#Sudetenland $#Böhmen $#Mähren $#Mährisch-Schlesien $#Österreichisch-Schlesien $#Tschechische Sozialistische Republik Böhmische Länder $#Tschechei Böhmische Länder $#Země koruny české $74069573-6 $8--Tg1--Böhmische Länder $x03 $9085195553
244Z/01 $#Tschechoslowakei $#Tschechoslowakei $#Tschechische und Slowakische Föderative Republik $#République Tchéco-Slovaque $#Tchécoslovaquie $#Československá Federativní Republika $#Česká a Slovenská Federativní Republika $#Czech and Slovak Federal Republic $#ČSFR $#ČSSR $#ČSR $#RČS $#Československo $#Československá Socialistická Republika $#Československá Republika $#Tschechoslowakische Sozialistische Republik $#Tschechoslowakische Republik $#Tschechoslowakische Föderative Republik $#Republika Československá $#Czechoslovakia $#Čechoslovakische Republik $#République Tchécho-Slovaque $#Tchéchoslovaquie $#Czechoslovak Socialist Republic $#Checoeslovaquia $#Cecoslovacchia $#Čechoslovakija $#République tchécoslovaque $74078435-6 $8--Tg1--Tschechoslowakei $x04 $9085222305
244Z/01 $#Slowakei $#Slowakei $#Slowakische Republik $#Oberungarn $#Slovensko $#Slovenská Republika $#Slovenská SR $#SSR $#Slovakia $#Slovaquie $#Slovak Republic $#République Slovaque $#Slovenská Socialistická Republika $#Slowakische Sozialistische Republik $#Slovak Socialist Republic $#République Socialiste Slovaque $74055297-4 $8--Tg1--Slowakei $x12 $9085153834
247C/01 $82080>Marburg/Lahn, Herder-Institut, Forschungsbibliothek, Bibliographieportal $9336309341
| LEADER | 00000caa a2200000 c 4500 | ||
|---|---|---|---|
| 001 | 509175864 | ||
| 003 | DE-603 | ||
| 005 | 20230629230116.0 | ||
| 007 | cr|||||||||||| | ||
| 008 | 230629s2018 xx |||| o| u00||u|eng c | ||
| 035 | |a (DE-599)HEB509175864 | ||
| 040 | |a DE-603 |b ger |c DE-603 |d DE-603 |e rda | ||
| 041 | |a eng | ||
| 082 | 0 | 4 | |8 1\u |a 610.943709042 |q DE-101 |2 23/BSB |
| 084 | |a 7,7 |2 ssgn | ||
| 084 | |a JUDAICA |q DE-30 |2 fid | ||
| 085 | |8 1\u |b 610.9 | ||
| 085 | |8 1\u |z 1 |s 09042 | ||
| 085 | |8 1\u |z 1 |s 09043 | ||
| 085 | |8 1\u |z 2 |s 437 | ||
| 085 | |8 1\u |z 2 |s 4371 | ||
| 085 | |8 1\u |z 2 |s 4373 | ||
| 100 | 1 | |a Shmidt, Victoria |d 1975- |e Verfasser |4 aut |0 (DE-603)427606004 |0 (DE-588)115471179X |2 gnd | |
| 245 | 0 | 0 | |a Public health as an agent of internal colonialism in interwar Czechoslovakia: shaping the discourse about the nation’s children |c Victoria Shmidt |
| 264 | 0 | |c 2018 | |
| 336 | |a Text |b txt |2 rdacontent | ||
| 337 | |a Computermedien |b c |2 rdamedia | ||
| 338 | |a Online-Ressource |b cr |2 rdacarrier | ||
| 648 | 7 | |a Geschichte 1918-1938 |2 gnd | |
| 650 | 7 | |a Nationale Minderheit |0 (DE-588)4039409-8 |0 (DE-603)08510745X |2 gnd | |
| 650 | 7 | |a Kind |0 (DE-588)4030550-8 |0 (DE-603)08508090X |2 gnd | |
| 650 | 7 | |a Russinen |0 (DE-588)4362982-9 |0 (DE-603)088294404 |2 gnd | |
| 650 | 7 | |a Slowaken |0 (DE-588)4055298-6 |0 (DE-603)085153842 |2 gnd | |
| 650 | 7 | |a Kolonialismus |0 (DE-588)4073624-6 |0 (DE-603)085207241 |2 gnd | |
| 650 | 7 | |a Rassismus |0 (DE-588)4076527-1 |0 (DE-603)085216860 |2 gnd | |
| 651 | 7 | |a Tschechoslowakei |0 (DE-588)4078435-6 |0 (DE-603)085222305 |2 gnd | |
| 773 | 0 | 8 | |i Enthalten in |t Patterns of prejudice |d London [u.a.] : Inst., 1967- |h Online-Ressource |x 1461-7331 |g Band 52, Heft 4 (2018), Seite 355-387 |w (DE-603)092431496 |w (DE-600)2004163-9 |
| 856 | |u https://doi.org/10.1080/0031322X.2018.1464543 |x Verlag | ||
| 924 | 1 | |9 2080 |a (DE-603)123852219X |b DE-2080 |c HES |d d |g / | |


